|
|
|
|
| LEADER |
00000nab a2200000 a 4500 |
| 001 |
vtls000249017 |
| 003 |
SK-MaSNL |
| 005 |
20260304063933.0 |
| 008 |
250422c1986 xo 0 slo |
| 015 |
|
|
|a SNBRB19rr/mm-uuuuu
|
| 035 |
|
|
|a CL0259131
|
| 035 |
|
|
|a urn:nbn:sk:snk-ab6im
|
| 035 |
|
|
|a (urnnbn)urn:nbn:sk:snk:ar-a03ebd
|
| 035 |
|
|
|a (uuid)e00ad500-a737-48d3-bbc7-58ee0aa5c486
|
| 040 |
|
|
|a SNKBUCL
|b slo
|c SNKBUCL
|e AACR2
|
| 041 |
0 |
|
|a slo
|
| 044 |
|
|
|a xo
|c SK
|
| 080 |
|
|
|a 616.127-005.8
|2 1981
|
| 080 |
|
|
|a 615.22-036
|2 1981
|
| 080 |
|
|
|a 57.089.6
|2 1981
|
| 245 |
0 |
0 |
|a Ochranný účinok Stobadinu (DH 1011) na ischemické srdce potkana ; Ján Styk, Ivan Gabauer, Juraj Okoličány, Vladimír Holec, Viktor Bauer, Ludek Beneš
|
| 300 |
|
|
|b Obr. 3. Res. rus., angl., nem., lit. 33 zázn. v slov., angl.
|
| 650 |
0 |
7 |
|a infarkt myokardu
|2 snkbucl
|9 2496
|
| 650 |
0 |
7 |
|a Stobadin (antiarytmikum)
|2 snkbucl
|9 1351057
|
| 655 |
|
7 |
|a články z novín a časopisov
|2 snkbucl
|9 267496
|
| 700 |
1 |
|
|a Styk, Ján,
|d 1942 2. január-
|4 aut
|9 39650
|
| 700 |
1 |
|
|a Gabauer, Ivan
|4 aut
|9 5380
|
| 700 |
1 |
|
|a Okoličány, Juraj
|4 aut
|9 489470
|
| 700 |
1 |
|
|a Holec, Vladimír,
|d 1924-
|4 aut
|9 114105
|
| 700 |
1 |
|
|a Bauer, Viktor,
|d 1942-2018
|4 aut
|9 118695
|
| 700 |
1 |
|
|a Beneš, Luděk,
|d 1937-
|4 aut
|9 27181
|
| 773 |
0 |
|
|t Bratislavské lekárske listy
|g Roč. 85, č. 3 (1986), s. 274-281
|
| 850 |
|
|
|a Slovenská národná knižnica
|
| 852 |
|
|
|a Slovenská národná knižnica
|
| 954 |
|
|
|a odborná, vedecká literatúra pôvodná (slovenská)
|2 lita
|
| 958 |
|
|
|a article27
|
| 958 |
|
|
|a NB
|
| 958 |
|
|
|a RK
|
| 958 |
|
|
|a OND
|
| 958 |
|
|
|a EUIPO
|
| 992 |
|
|
|a RBX
|
| 999 |
|
|
|c 2744584
|d 2746514
|